|
|
|
|
| LEADER |
00000naa0a2200000 4500 |
| 001 |
650181 |
| 005 |
20250904130207.0 |
| 035 |
|
|
|a (RuTPU)RU\TPU\network\15376
|
| 035 |
|
|
|a RU\TPU\network\15374
|
| 090 |
|
|
|a 650181
|
| 100 |
|
|
|a 20160916d2015 k y0rusy50 ca
|
| 101 |
0 |
|
|a rus
|
| 102 |
|
|
|a RU
|
| 135 |
|
|
|a drgn ---uucaa
|
| 181 |
|
0 |
|a i
|
| 182 |
|
0 |
|a b
|
| 200 |
1 |
|
|a Исследование каталитических свойств модифицированных нановолокон оксигидроксида алюминия
|f Е. Н. Грязнова
|
| 203 |
|
|
|a Текст
|c электронный
|
| 225 |
1 |
|
|a Секция технологии и электрохимии неорганических материалов
|
| 300 |
|
|
|a Заглавие с экрана
|
| 320 |
|
|
|a [Библиогр.: с. 355 (1 назв.)]
|
| 463 |
|
|
|t Проблемы теоретической и экспериментальной химии
|o тезисы докладов XXV Российской молодежной научной конференции, посвященной 95-летию основания Уральского университета, Екатеринбург, 22-24 апреля 2015 года
|f Уральский федеральный университет (УрФУ) ; Российская академия наук (РАН), Уральское отделение (УрО)
|v [С. 354-355]
|d 2015
|
| 610 |
1 |
|
|a электронный ресурс
|
| 610 |
1 |
|
|a труды учёных ТПУ
|
| 700 |
|
1 |
|a Грязнова
|b Е. Н.
|c химик-технолог
|c инженер-исследователь Томского политехнического университета
|f 1987-
|g Елена Николаевна
|3 (RuTPU)RU\TPU\pers\30190
|
| 712 |
0 |
2 |
|a Национальный исследовательский Томский политехнический университет (ТПУ)
|b Институт воды (ИВ)
|b Отдел организации НИОКР (ООНИОКР)
|3 (RuTPU)RU\TPU\col\21263
|
| 801 |
|
1 |
|a RU
|b 63413507
|c 20141010
|
| 801 |
|
2 |
|a RU
|b 63413507
|c 20190417
|g RCR
|
| 856 |
4 |
|
|u http://insma.urfu.ru/images/conferences/chem_ruten/2015/Book_of_Abstracts_XXV.pdf#page=354
|
| 942 |
|
|
|c CF
|